Los derechos de incidencia colectiva en el Proyecto de Código Civil y Comercial de la Nación (Registro nro. 25306)
[ vista simple ]
| 000 -LEADER | |
|---|---|
| fixed length control field | 00424 a2200109 4500 |
| 001 - CONTROL NUMBER | |
| control field | ART_10789 |
| 005 - DATE AND TIME OF LATEST TRANSACTION | |
| control field | 20260410161854.0 |
| 008 - FIXED-LENGTH DATA ELEMENTS--GENERAL INFORMATION | |
| fixed length control field | 260409a |
| 100 1# - MAIN ENTRY--PERSONAL NAME | |
| Personal name | Azar, María José |
| 245 10 - TITLE STATEMENT | |
| Title | Los derechos de incidencia colectiva en el Proyecto de Código Civil y Comercial de la Nación |
| 773 0# - HOST ITEM ENTRY | |
| Title | Derecho privado |
| Related parts | Reforma del Código Civil I. Aspectos generales - Año I, Nº 2 (sep. 2012) |
| Record control number | REV10455 |
No hay ítems disponibles.